[Event "Muensterland Regionalliga 2526"]
[Site "Germany"]
[Date "2025.11.08"]
[Round "3"]
[Board "1"]
[White "Schulze Ameling, Hendrik"]
[Black "Ottens, Stephan"]
[Result "1-0"]
[WhiteElo "1996"]
[BlackElo "2121"]
[WhiteFideId "-1"]
[BlackFideId "-1"]
[PlyCount "64"]
[GameId "547444484994"]
[EventDate "2025.??.??"]
[EventType "team-tourn"]
[EventRounds "9"]
[EventCountry "GER"]
[SourceTitle "Verband Muensterland"]
[SourceDate "2025.09.21"]
[SourceVersion "1"]
[SourceVersionDate "2025.09.21"]
[SourceQuality "1"]
[WhiteTeam "Ahaus Wessum"]
[BlackTeam "Rheine Klein Berlin"]
[WhiteTeamCountry "GER"]
[BlackTeamCountry "GER"]

1. d4 Nf6 2. c4 g6 3. Nc3 Bg7 4. e4 d6 5. h3 O-O 6. Be3 c5 7. Nf3 cxd4 8. Nxd4 Nbd7 9. Be2 Nc5 10. Qc2 a6 11. O-O Bd7 12. Rad1 Rc8 13. Qb1 Qe8 14. Rfe1 Ne6 15. Nd5 Nxd4 16. Bxd4 Nxd5 17. Bxg7 Kxg7 18. exd5 Qd8 19. Qe4 Re8 20. Qd4+ f6 21. Bg4 Qc7 22. b3 Bxg4 23. hxg4 h6 24. Re6 Qc5 25. Qe4 Kf7 26. Re1 Rc7 27. Qf4 Rh8 28. R1e3 b5 29. Qe4 Qa7 30. c5 dxc5 31. d6 Rd7 32. Qd5 exd6 1-0

[Event "Muensterland Regionalliga 2526"]
[Site "Germany"]
[Date "2025.11.08"]
[Round "3"]
[Board "2"]
[White "Averkamp Peters, Jens"]
[Black "Rosing, Hermann"]
[Result "0-1"]
[WhiteElo "2014"]
[BlackElo "1982"]
[WhiteFideId "-1"]
[BlackFideId "-1"]
[PlyCount "80"]
[GameId "547444734375"]
[EventDate "2025.??.??"]
[EventType "team-tourn"]
[EventRounds "9"]
[EventCountry "GER"]
[SourceTitle "Verband Muensterland"]
[SourceDate "2025.09.21"]
[SourceVersion "1"]
[SourceVersionDate "2025.09.21"]
[SourceQuality "1"]
[WhiteTeam "Rheine Klein Berlin"]
[BlackTeam "Ahaus Wessum"]
[WhiteTeamCountry "GER"]
[BlackTeamCountry "GER"]

1. e4 e5 2. d4 exd4 3. Nf3 Nc6 4. Bb5 d6 5. Nxd4 Bd7 6. O-O Nf6 7. Nc3 Be7 8. Re1 Nxd4 9. Bxd7+ Nxd7 10. Qxd4 Bf6 11. Qb4 b6 12. Nd5 O-O 13. Nxf6+ Qxf6 14. Bd2 Rfe8 15. Bc3 Qe7 16. Qd4 Qf8 17. Re3 Nc5 18. Rg3 Ne6 19. Qd5 Rac8 20. Re1 c6 21. Qf5 g6 22. Qf6 Qg7 23. Qh4 Nd4 24. f4 f5 25. Rd3 c5 26. exf5 Nxf5 27. Bxg7 Nxh4 28. Rxe8+ Rxe8 29. Bf6 Nf5 30. g4 Re6 31. g5 Re2 32. Ra3 Rxc2 33. Rxa7 d5 34. Ra8+ Kf7 35. Ra7+ Ke6 36. Rb7 d4 37. Rxb6+ Kd5 38. Kf1 Ke4 39. a4 Ne3+ 40. Ke1 Kf3 0-1

[Event "Muensterland Regionalliga 2526"]
[Site "Germany"]
[Date "2025.11.08"]
[Round "3"]
[Board "3"]
[White "Parameswaran, Vithushan"]
[Black "Bruemmer, Andreas"]
[Result "1-0"]
[WhiteElo "1895"]
[BlackElo "1953"]
[WhiteFideId "-1"]
[BlackFideId "-1"]
[PlyCount "69"]
[GameId "547445417041"]
[EventDate "2025.??.??"]
[EventType "team-tourn"]
[EventRounds "9"]
[EventCountry "GER"]
[SourceTitle "Verband Muensterland"]
[SourceDate "2025.09.21"]
[SourceVersion "1"]
[SourceVersionDate "2025.09.21"]
[SourceQuality "1"]
[WhiteTeam "Ahaus Wessum"]
[BlackTeam "Rheine Klein Berlin"]
[WhiteTeamCountry "GER"]
[BlackTeamCountry "GER"]

1. e4 c5 2. Nf3 d6 3. d4 cxd4 4. Nxd4 Nf6 5. Nc3 a6 6. Be3 e5 7. Nb3 Be7 8. f3 Be6 9. Qd2 Nbd7 10. O-O-O h5 11. h3 Qc7 12. f4 exf4 13. Bxf4 Ne5 14. Kb1 O-O-O 15. Qe3 Kb8 16. Bd3 Rc8 17. Bg3 Rhd8 18. Bf2 Nc6 19. Na4 Nd7 20. c4 Bf6 21. Be2 g6 22. Rc1 Be5 23. Rhd1 f5 24. c5 Nxc5 25. Nbxc5 dxc5 26. Nxc5 Rxd1 27. Rxd1 Qf7 28. Qa3 Rd8 29. Rxd8+ Nxd8 30. Bxa6 bxa6 31. Nxa6+ Kc8 32. Qc5+ Kd7 33. Qxe5 Bxa2+ 34. Ka1 Qe6 35. Nc5+ 1-0

[Event "Muensterland Regionalliga 2526"]
[Site "Germany"]
[Date "2025.11.08"]
[Round "3"]
[Board "4"]
[White "Langhans, Joerg"]
[Black "Ter Horst, Carsten"]
[Result "1-0"]
[WhiteElo "1949"]
[BlackElo "1873"]
[WhiteFideId "-1"]
[BlackFideId "-1"]
[PlyCount "115"]
[GameId "547445982732"]
[EventDate "2025.??.??"]
[EventType "team-tourn"]
[EventRounds "9"]
[EventCountry "GER"]
[SourceTitle "Verband Muensterland"]
[SourceDate "2025.09.21"]
[SourceVersion "1"]
[SourceVersionDate "2025.09.21"]
[SourceQuality "1"]
[WhiteTeam "Rheine Klein Berlin"]
[BlackTeam "Ahaus Wessum"]
[WhiteTeamCountry "GER"]
[BlackTeamCountry "GER"]

1. e4 c5 2. Nc3 Nc6 3. Bb5 Nd4 4. Bc4 e6 5. Nge2 Qc7 6. d3 a6 7. Nxd4 cxd4 8. Ne2 Bc5 9. O-O Nf6 10. h3 d5 11. exd5 exd5 12. Bf4 Qb6 13. Bb3 Be6 14. a4 O-O 15. a5 Qd8 16. Be5 Bb4 17. Nxd4 Bxa5 18. Bxf6 gxf6 19. Nxe6 fxe6 20. Qg4+ Kf7 21. Qh5+ Kg7 22. Ra4 f5 23. Qe2 Rf6 24. c4 f4 25. Qg4+ Kh8 26. cxd5 e5 27. Qg5 Bc7 28. Rc1 Bd6 29. Rac4 Rg6 30. Qf5 Qg5 31. Rc8+ Rxc8 32. Rxc8+ Kg7 33. Qxg5 Rxg5 34. Rd8 Bc5 35. Rd7+ Kh6 36. Rxb7 f3 37. g4 Bd4 38. d6 Rg6 39. d7 Rd6 40. Ba4 e4 41. dxe4 Bf6 42. Rc7 Rd4 43. Rc5 Be7 44. Rd5 Rxd5 45. exd5 Kg5 46. Bc6 Kf4 47. Kf1 Ke5 48. Ke1 Kd6 49. Kd2 Bg5+ 50. Kd3 Ke5 51. b3 a5 52. h4 Bxh4 53. Ke3 Bg5+ 54. Kxf3 Kd4 55. Kg3 Kc3 56. f4 Be7 57. g5 Kxb3 58. Kg4 1-0

[Event "Muensterland Regionalliga 2526"]
[Site "Germany"]
[Date "2025.11.08"]
[Round "3"]
[Board "5"]
[White "Terdues, Guido"]
[Black "Langhanke, Guenther"]
[Result "1-0"]
[WhiteElo "1722"]
[BlackElo "1868"]
[WhiteFideId "-1"]
[BlackFideId "-1"]
[PlyCount "83"]
[GameId "547446831810"]
[EventDate "2025.??.??"]
[EventType "team-tourn"]
[EventRounds "9"]
[EventCountry "GER"]
[SourceTitle "Verband Muensterland"]
[SourceDate "2025.09.21"]
[SourceVersion "1"]
[SourceVersionDate "2025.09.21"]
[SourceQuality "1"]
[WhiteTeam "Ahaus Wessum"]
[BlackTeam "Rheine Klein Berlin"]
[WhiteTeamCountry "GER"]
[BlackTeamCountry "GER"]

1. f4 d5 2. Nf3 c5 3. e3 Nc6 4. b3 Nf6 5. Bb2 e6 6. Be2 Bd6 7. O-O O-O 8. d3 Re8 9. Ne5 Nd7 10. Nxc6 bxc6 11. Qe1 e5 12. Qg3 f6 13. f5 Nb6 14. e4 Rb8 15. Nd2 Na4 16. Bc1 Nb6 17. Rf3 Nd7 18. Qh4 Nf8 19. g4 Be7 20. Rg3 dxe4 21. Bb2 exd3 22. Bxd3 Qb6 23. Nc4 Qc7 24. Re1 Bd7 25. Bc1 e4 26. Rxe4 Rbd8 27. Rge3 Bd6 28. Nxd6 Qxd6 29. Qe1 Rxe4 30. Rxe4 Qb8 31. Ba3 Be8 32. Bc4+ Bf7 33. Bxf7+ Kxf7 34. Bxc5 h6 35. Re7+ Kg8 36. Qe3 a6 37. Kg2 Kh8 38. h4 Nd7 39. Bd4 c5 40. Bc3 Nb6 41. Bxf6 Kg8 42. Rxg7+ 1-0

[Event "Muensterland Regionalliga 2526"]
[Site "Germany"]
[Date "2025.11.08"]
[Round "3"]
[Board "6"]
[White "Ratert, Matthias"]
[Black "Woltering, Martin"]
[Result "1/2-1/2"]
[WhiteElo "1864"]
[BlackElo "1754"]
[WhiteFideId "-1"]
[BlackFideId "-1"]
[PlyCount "134"]
[GameId "547447317548"]
[EventDate "2025.??.??"]
[EventType "team-tourn"]
[EventRounds "9"]
[EventCountry "GER"]
[SourceTitle "Verband Muensterland"]
[SourceDate "2025.09.21"]
[SourceVersion "1"]
[SourceVersionDate "2025.09.21"]
[SourceQuality "1"]
[WhiteTeam "Rheine Klein Berlin"]
[BlackTeam "Ahaus Wessum"]
[WhiteTeamCountry "GER"]
[BlackTeamCountry "GER"]

1. e4 e6 2. d4 d5 3. Nd2 dxe4 4. Nxe4 Nd7 5. Ne2 Ngf6 6. N2g3 Nxe4 7. Nxe4 Nf6 8. Bd3 Bd7 9. Qf3 Bc6 10. Nxf6+ Qxf6 11. Qxf6 gxf6 12. f3 O-O-O 13. Be3 Bd6 14. Kf2 h5 15. c4 h4 16. Rad1 h3 17. g3 b6 18. c5 bxc5 19. dxc5 Be5 20. Ba6+ Kb8 21. Rd3 Rxd3 22. Bxd3 Rd8 23. Be2 f5 24. Rd1 Bd5 25. Bd4 f6 26. f4 Bxd4+ 27. Rxd4 Kb7 28. Bf1 Kc6 29. b4 a5 30. bxa5 Kxc5 31. Ra4 Be4 32. Rc4+ Kd6 33. a6 c5 34. Ke3 Kc6 35. Rc3 Kb6 36. Rb3+ Ka7 37. Rc3 Kb6 38. Bc4 e5 39. Rb3+ Ka7 40. Bf1 Rh8 41. Rb5 Rc8 42. Rb3 Rh8 43. a4 Rc8 44. Bc4 Rd8 45. a5 Rd4 46. Rc3 Rd1 47. fxe5 fxe5 48. g4 Re1+ 49. Kf2 Rd1 50. Re3 Rd2+ 51. Be2 c4 52. Ke1 Rc2 53. g5 c3 54. g6 Rc1+ 55. Kf2 Rh1 56. Rxc3 Rxh2+ 57. Kf1 Rh1+ 58. Kf2 Rh2+ 59. Ke1 Rg2 60. Rxh3 Rxg6 61. Rh7+ Ka8 62. Re7 Rg1+ 63. Kf2 Rg2+ 64. Kf1 Rg3 65. Rxe5 Ra3 66. Bc4 Ka7 67. Ke1 Ra4 1/2-1/2

[Event "Muensterland Regionalliga 2526"]
[Site "Germany"]
[Date "2025.11.08"]
[Round "3"]
[Board "7"]
[White "Orlov, Dmytro"]
[Black "Germann, Norbert"]
[Result "1/2-1/2"]
[WhiteElo "1687"]
[BlackElo "1777"]
[WhiteFideId "-1"]
[BlackFideId "-1"]
[PlyCount "65"]
[GameId "547461017694"]
[EventDate "2025.??.??"]
[EventType "team-tourn"]
[EventRounds "9"]
[EventCountry "GER"]
[SourceTitle "Verband Muensterland"]
[SourceDate "2025.09.21"]
[SourceVersion "1"]
[SourceVersionDate "2025.09.21"]
[SourceQuality "1"]
[WhiteTeam "Ahaus Wessum"]
[BlackTeam "Rheine Klein Berlin"]
[WhiteTeamCountry "GER"]
[BlackTeamCountry "GER"]

1. e4 c5 2. Nf3 e6 3. c3 Nf6 4. e5 Nd5 5. d4 cxd4 6. cxd4 d6 7. Nc3 Nxc3 8. bxc3 Qc7 9. Qb3 dxe5 10. Nxe5 Bd6 11. Ba3 O-O 12. Bxd6 Qxd6 13. Be2 Nc6 14. Nxc6 Qxc6 15. Bf3 Qc7 16. O-O Rb8 17. Rfe1 Bd7 18. Re3 Bc6 19. Rae1 Rfd8 20. Bxc6 Qxc6 21. f4 Rd5 22. Re5 Rbd8 23. f5 Rxe5 24. Rxe5 Re8 25. Qb5 Qxb5 26. Rxb5 b6 27. c4 Rd8 28. c5 Rxd4 29. cxb6 axb6 30. Rxb6 Kf8 31. fxe6 Rd1+ 32. Kf2 Rd2+ 33. Kf3 1/2-1/2

[Event "Muensterland Regionalliga 2526"]
[Site "Germany"]
[Date "2025.11.08"]
[Round "3"]
[Board "8"]
[White "Hemmert, Michael"]
[Black "Kernebeck, Daniel"]
[Result "1-0"]
[WhiteElo "1751"]
[BlackElo "1653"]
[WhiteFideId "-1"]
[BlackFideId "-1"]
[PlyCount "67"]
[GameId "547461498811"]
[EventDate "2025.??.??"]
[EventType "team-tourn"]
[EventRounds "9"]
[EventCountry "GER"]
[SourceTitle "Verband Muensterland"]
[SourceDate "2025.09.21"]
[SourceVersion "1"]
[SourceVersionDate "2025.09.21"]
[SourceQuality "1"]
[WhiteTeam "Rheine Klein Berlin"]
[BlackTeam "Ahaus Wessum"]
[WhiteTeamCountry "GER"]
[BlackTeamCountry "GER"]

1. d4 e6 2. Nf3 d5 3. c4 Nf6 4. Nc3 Be7 5. cxd5 exd5 6. Bf4 O-O 7. e3 c6 8. Bd3 Bg4 9. Qc2 Nbd7 10. Ne5 Bh5 11. f3 Bg6 12. Nxg6 hxg6 13. O-O Nh5 14. Bg3 Nxg3 15. hxg3 Bd6 16. Qf2 Nf6 17. g4 Re8 18. e4 Bc7 19. e5 Nd7 20. f4 Qe7 21. Rae1 Bb6 22. a3 a6 23. Kh1 Kh7 24. g3 Rh8 25. Kg2 Nf8 26. Rh1+ Kg8 27. Rxh8+ Kxh8 28. Kf3 Ne6 29. Rh1+ Kg8 30. Qh2 Nxd4+ 31. Kg2 f5 32. exf6 Qe3 33. Qh7+ Kf7 34. Qxg7+ 1-0

[Event "Muensterland Regionalliga 2526"]
[Site "Germany"]
[Date "2025.11.08"]
[Round "3"]
[Board "1"]
[White "Kruimer, Matthias"]
[Black "Schulze Schwering, Philipp"]
[Result "1/2-1/2"]
[WhiteElo "2027"]
[BlackElo "2018"]
[WhiteFideId "-1"]
[BlackFideId "-1"]
[PlyCount "116"]
[GameId "2243755784659530"]
[EventDate "2025.??.??"]
[EventType "team-tourn"]
[EventRounds "9"]
[EventCountry "GER"]
[SourceTitle "Verband Muensterland"]
[SourceDate "2025.09.21"]
[SourceVersion "1"]
[SourceVersionDate "2025.09.21"]
[SourceQuality "1"]
[WhiteTeam "Metelen"]
[BlackTeam "Borken"]
[WhiteTeamCountry "GER"]
[BlackTeamCountry "GER"]

1. e4 c6 2. d4 d5 3. e5 Bf5 4. h4 h5 5. Bd3 Bxd3 6. Qxd3 Qa5+ 7. Nd2 e6 8. Ngf3 c5 9. dxc5 Bxc5 10. O-O Qc7 11. c4 Ne7 12. cxd5 Nxd5 13. Ne4 Nd7 14. a3 Be7 15. Bg5 Bxg5 16. Nexg5 Qb6 17. Nd4 Nf4 18. Qb5 Qxb5 19. Nxb5 Ke7 20. g3 Nd5 21. Rfe1 Rhf8 22. Rac1 Rac8 23. f4 a6 24. Nd6 Rxc1 25. Rxc1 f6 26. Nc8+ Rxc8 27. exf6+ gxf6 28. Rxc8 fxg5 29. hxg5 Ne3 30. b4 Nf5 31. Kf2 Nd6 32. Rh8 Nf8 33. Rxh5 Nc4 34. a4 Nb2 35. g4 Nxa4 36. f5 Nc3 37. g6 Kf6 38. Kf3 Nd5 39. Ke4 Nxb4 40. Rh1 Nc6 41. Rf1 Kg7 42. Rb1 Na5 43. Rb2 b5 44. Ra2 Nb7 45. Kd4 exf5 46. gxf5 Nd6 47. Ke5 Nc4+ 48. Ke4 a5 49. Rg2 Nd7 50. Kd4 a4 51. Re2 Nde5 52. Kc5 Nd3+ 53. Kxb5 Nd6+ 54. Kxa4 Nxf5 55. Rg2 Ne7 56. Rd2 Ne5 57. Re2 N7xg6 58. Rxe5 Nxe5 1/2-1/2

[Event "Muensterland Regionalliga 2526"]
[Site "Germany"]
[Date "2025.11.08"]
[Round "3"]
[Board "2"]
[White "Beckmann, David"]
[Black "Poelstra, Ben"]
[Result "1/2-1/2"]
[WhiteElo "2029"]
[BlackElo "1995"]
[WhiteFideId "-1"]
[BlackFideId "-1"]
[PlyCount "52"]
[GameId "2243755784663628"]
[EventDate "2025.??.??"]
[EventType "team-tourn"]
[EventRounds "9"]
[EventCountry "GER"]
[SourceTitle "Verband Muensterland"]
[SourceDate "2025.09.21"]
[SourceVersion "1"]
[SourceVersionDate "2025.09.21"]
[SourceQuality "1"]
[WhiteTeam "Borken"]
[BlackTeam "Metelen"]
[WhiteTeamCountry "GER"]
[BlackTeamCountry "GER"]

1. d4 Nf6 2. g3 d5 3. Bg2 e6 4. Nf3 c5 5. c4 Nc6 6. O-O Be7 7. dxc5 Bxc5 8. cxd5 exd5 9. Qc2 Be7 10. Nc3 O-O 11. a3 Bg4 12. Rd1 Qa5 13. Bf4 Rac8 14. Qd2 Rfd8 15. b4 Qb6 16. Ne5 Ne4 17. Nxe4 dxe4 18. Nxc6 Qxc6 19. Qe3 Qc2 20. Rxd8+ Rxd8 21. Bxe4 Rd1+ 22. Rxd1 Qxd1+ 23. Kg2 Bxe2 24. h4 b6 25. Bf3 Bf1+ 26. Kh2 Qd7 1/2-1/2

[Event "Muensterland Regionalliga 2526"]
[Site "Germany"]
[Date "2025.11.08"]
[Round "3"]
[Board "3"]
[White "Buijnsters, Floris"]
[Black "Boldrick, Marcel"]
[Result "1-0"]
[WhiteElo "1925"]
[BlackElo "1864"]
[WhiteFideId "-1"]
[BlackFideId "-1"]
[PlyCount "155"]
[GameId "2243755784671822"]
[EventDate "2025.??.??"]
[EventType "team-tourn"]
[EventRounds "9"]
[EventCountry "GER"]
[SourceTitle "Verband Muensterland"]
[SourceDate "2025.09.21"]
[SourceVersion "1"]
[SourceVersionDate "2025.09.21"]
[SourceQuality "1"]
[WhiteTeam "Metelen"]
[BlackTeam "Borken"]
[WhiteTeamCountry "GER"]
[BlackTeamCountry "GER"]

1. e4 e5 2. Nf3 Nc6 3. Bb5 a6 4. Ba4 Nf6 5. O-O b5 6. Bb3 Be7 7. Re1 O-O 8. c3 d5 9. exd5 Nxd5 10. Nxe5 Nxe5 11. Rxe5 Bb7 12. Qf3 c6 13. d4 Bd6 14. Re1 Qh4 15. g3 Qh3 16. Bxd5 cxd5 17. Bf4 Rfe8 18. Nd2 Be7 19. g4 Qh4 20. Re3 Bc8 21. h3 Be6 22. Qg3 Qxg3+ 23. Bxg3 h5 24. Rae1 hxg4 25. hxg4 Kf8 26. f3 a5 27. Kg2 b4 28. Kh3 Ra6 29. f4 Bd7 30. Nf3 Rh6+ 31. Bh4 f6 32. Kg3 Kf7 33. g5 Rg6 34. Kf2 Bg4 35. gxf6 gxf6 36. Bg3 Bxf3 37. Kxf3 Rgg8 38. Re6 Bd8 39. Rxe8 Rxe8 40. Rxe8 Kxe8 41. cxb4 axb4 42. f5 Be7 43. Ke3 Kd7 44. Kd3 Kc6 45. Kc2 Kb5 46. Kb3 Bf8 47. Bb8 Be7 48. Ba7 Bd6 49. a4+ bxa3 50. bxa3 Be7 51. a4+ Ka6 52. Bc5 Bd8 53. Bb4 Kb6 54. Kc3 Kc6 55. Kd3 Kb6 56. Ke3 Kc6 57. Kf3 Bb6 58. Bc3 Kd7 59. Kg4 Ke8 60. Kh5 Kf7 61. a5 Ba7 62. Kh6 Bb8 63. Bb4 Ba7 64. Bc5 Bxc5 65. dxc5 d4 66. a6 d3 67. a7 d2 68. a8=Q d1=Q 69. Qb7+ Ke8 70. Qc6+ Ke7 71. Qd6+ Qxd6 72. cxd6+ Kxd6 73. Kg7 Ke7 74. Kg6 Ke8 75. Kxf6 Kf8 76. Ke6 Ke8 77. f6 Kf8 78. f7 1-0

[Event "Muensterland Regionalliga 2526"]
[Site "Germany"]
[Date "2025.11.08"]
[Round "3"]
[Board "4"]
[White "Farwick, Christian"]
[Black "Koch, Alexander"]
[Result "1-0"]
[WhiteElo "1851"]
[BlackElo "2006"]
[WhiteFideId "-1"]
[BlackFideId "-1"]
[PlyCount "103"]
[GameId "2243755784680016"]
[EventDate "2025.??.??"]
[EventType "team-tourn"]
[EventRounds "9"]
[EventCountry "GER"]
[SourceTitle "Verband Muensterland"]
[SourceDate "2025.09.21"]
[SourceVersion "1"]
[SourceVersionDate "2025.09.21"]
[SourceQuality "1"]
[WhiteTeam "Borken"]
[BlackTeam "Metelen"]
[WhiteTeamCountry "GER"]
[BlackTeamCountry "GER"]

1. d4 Nf6 2. Nf3 g6 3. c3 d5 4. h3 Bg7 5. Bf4 O-O 6. e3 Nbd7 7. Nbd2 Re8 8. Be2 c6 9. O-O Qb6 10. b4 h6 11. Be5 Ne4 12. Qc2 Nxe5 13. Nxe5 Bf5 14. Bd3 Nxd2 15. Qxd2 Bxe5 16. Bxf5 Bd6 17. Bd3 e5 18. a4 a5 19. b5 e4 20. Be2 c5 21. Qa2 Rad8 22. Rad1 c4 23. g3 Bb8 24. Kg2 Kg7 25. Rh1 f5 26. h4 Qf6 27. Rh3 b6 28. Rdh1 Rh8 29. Bd1 g5 30. hxg5 hxg5 31. Rxh8 Rxh8 32. Rxh8 Kxh8 33. Qe2 g4 34. Kf1 Bd6 35. Ke1 Qh6 36. Qf1 Bxg3 37. fxg3 Qxe3+ 38. Be2 Qxc3+ 39. Kf2 Qxd4+ 40. Kg2 Qe3 41. Bxg4 Qd2+ 42. Kh1 Qh6+ 43. Bh3 f4 44. gxf4 c3 45. Kg2 c2 46. Qc1 Qg7+ 47. Kh2 Qc3 48. f5 e3 49. Bg2 d4 50. f6 Kg8 51. Be4 d3 52. Qg1+ 1-0

[Event "Muensterland Regionalliga 2526"]
[Site "Germany"]
[Date "2025.11.08"]
[Round "3"]
[Board "5"]
[White "Grotenhuis, Gerard"]
[Black "Schmidt, Sebastian"]
[Result "1-0"]
[WhiteElo "1741"]
[BlackElo "1754"]
[WhiteFideId "-1"]
[BlackFideId "-1"]
[PlyCount "113"]
[GameId "2243755784688210"]
[EventDate "2025.??.??"]
[EventType "team-tourn"]
[EventRounds "9"]
[EventCountry "GER"]
[SourceTitle "Verband Muensterland"]
[SourceDate "2025.09.21"]
[SourceVersion "1"]
[SourceVersionDate "2025.09.21"]
[SourceQuality "1"]
[WhiteTeam "Metelen"]
[BlackTeam "Borken"]
[WhiteTeamCountry "GER"]
[BlackTeamCountry "GER"]

1. f4 d5 2. Nf3 g6 3. e3 Bg7 4. d4 Nf6 5. c4 c6 6. Nc3 O-O 7. Ne5 Nbd7 8. Bd3 dxc4 9. Nxc4 Nb6 10. Nxb6 axb6 11. Qc2 Nd5 12. Nxd5 Qxd5 13. b3 c5 14. O-O Bxd4 15. Rb1 Bg7 16. Kh1 Rxa2 17. Qxa2 Qxd3 18. Bd2 Rd8 19. Rf2 Bf5 20. Re1 e5 21. Bc1 Qe4 22. Rd2 Re8 23. Rf2 exf4 24. Qe2 Bc3 25. Rxf4 Qe6 26. Ref1 Qxb3 27. Qf3 Re7 28. e4 Be6 29. Rf6 Be5 30. Qxb3 Bxb3 31. Rxb6 Be6 32. Be3 c4 33. Rd1 Kg7 34. Rb5 Bg4 35. Rdd5 f6 36. Kg1 Be2 37. Kf2 Bd3 38. Bc5 Rc7 39. Kf3 h5 40. g3 Kf7 41. Bb6 Re7 42. Bd8 Re8 43. Rxb7+ Kg8 44. Re7 Rxe7 45. Bxe7 Kf7 46. Ba3 Ke6 47. Rb5 Kd7 48. Ke3 h4 49. Bb2 c3 50. Rd5+ Ke6 51. Bxc3 Bxe4 52. Rxe5+ fxe5 53. Kxe4 hxg3 54. hxg3 Kf6 55. Bxe5+ Kg5 56. Kf3 Kf5 57. Bc7 1-0

[Event "Muensterland Regionalliga 2526"]
[Site "Germany"]
[Date "2025.11.08"]
[Round "3"]
[Board "6"]
[White "Klueppel, Ralf"]
[Black "Zachej, Arne"]
[Result "1/2-1/2"]
[WhiteElo "1735"]
[BlackElo "1835"]
[WhiteFideId "-1"]
[BlackFideId "-1"]
[PlyCount "71"]
[GameId "2243755784696404"]
[EventDate "2025.??.??"]
[EventType "team-tourn"]
[EventRounds "9"]
[EventCountry "GER"]
[SourceTitle "Verband Muensterland"]
[SourceDate "2025.09.21"]
[SourceVersion "1"]
[SourceVersionDate "2025.09.21"]
[SourceQuality "1"]
[WhiteTeam "Borken"]
[BlackTeam "Metelen"]
[WhiteTeamCountry "GER"]
[BlackTeamCountry "GER"]

1. d4 Nf6 2. Nf3 e6 3. e3 Be7 4. Bd3 O-O 5. b3 d5 6. Bb2 Ne4 7. O-O f5 8. Ne5 Nd7 9. f3 Nxe5 10. dxe5 Nc5 11. Be2 a5 12. Nc3 Bd7 13. a4 Bc6 14. Ba3 Nd7 15. Bxe7 Qxe7 16. f4 Nc5 17. Qd2 Ne4 18. Nxe4 dxe4 19. Rad1 Rfd8 20. Qc3 Qb4 21. Rxd8+ Rxd8 22. Qxb4 axb4 23. Rd1 Rxd1+ 24. Bxd1 b6 25. Be2 Kf7 26. Kf2 Bd7 27. g4 g6 28. Kg3 h6 29. Bc4 Ke7 30. h4 h5 31. gxh5 gxh5 32. Kf2 c5 33. Ke1 Be8 34. Kd2 Kd7 35. Be2 Ke7 36. Bc4 1/2-1/2

[Event "Muensterland Regionalliga 2526"]
[Site "Germany"]
[Date "2025.11.08"]
[Round "3"]
[Board "7"]
[White "Wigger, Frank"]
[Black "Heisterkamp, Tom"]
[Result "1-0"]
[WhiteElo "1911"]
[BlackElo "1464"]
[WhiteFideId "-1"]
[BlackFideId "-1"]
[PlyCount "31"]
[GameId "2243755784704598"]
[EventDate "2025.??.??"]
[EventType "team-tourn"]
[EventRounds "9"]
[EventCountry "GER"]
[SourceTitle "Verband Muensterland"]
[SourceDate "2025.09.21"]
[SourceVersion "1"]
[SourceVersionDate "2025.09.21"]
[SourceQuality "1"]
[WhiteTeam "Metelen"]
[BlackTeam "Borken"]
[WhiteTeamCountry "GER"]
[BlackTeamCountry "GER"]

1. e4 e5 2. Bc4 Nc6 3. Nc3 Bc5 4. Qg4 Nd4 5. Qxg7 Qf6 6. Qxf6 Nxf6 7. Bb3 Rg8 8. g3 b5 9. d3 a5 10. a4 Nxb3 11. cxb3 b4 12. Nb5 Kd8 13. Be3 Be7 14. Nf3 Ng4 15. Rc1 c6 16. Bb6+ 1-0

[Event "Muensterland Regionalliga 2526"]
[Site "Germany"]
[Date "2025.11.08"]
[Round "3"]
[Board "8"]
[White "Althoff, Hannes"]
[Black "Morrien, Rolf"]
[Result "1/2-1/2"]
[WhiteElo "1473"]
[BlackElo "1715"]
[WhiteFideId "-1"]
[BlackFideId "-1"]
[PlyCount "82"]
[GameId "2243755784712792"]
[EventDate "2025.??.??"]
[EventType "team-tourn"]
[EventRounds "9"]
[EventCountry "GER"]
[SourceTitle "Verband Muensterland"]
[SourceDate "2025.09.21"]
[SourceVersion "1"]
[SourceVersionDate "2025.09.21"]
[SourceQuality "1"]
[WhiteTeam "Borken"]
[BlackTeam "Metelen"]
[WhiteTeamCountry "GER"]
[BlackTeamCountry "GER"]

1. d4 f5 2. c4 Nf6 3. Nc3 e6 4. e3 c6 5. g3 d5 6. cxd5 exd5 7. Bg2 Bd6 8. Nf3 O-O 9. O-O Ne4 10. Qb3 Kh8 11. Ne5 Qe8 12. f4 Nd7 13. Nxe4 fxe4 14. Bd2 Nf6 15. Bb4 Qe7 16. Bxd6 Qxd6 17. Rac1 Qe7 18. Rc2 Ng4 19. Nxg4 Bxg4 20. h3 Be6 21. g4 g6 22. Rcf2 Qd7 23. Qc3 Kg8 24. b4 Rf7 25. a4 a6 26. a5 Raf8 27. Qd2 h5 28. gxh5 gxh5 29. Kh2 Rg7 30. Rg1 h4 31. Qe2 Rff7 32. Qh5 Kf8 33. Qe5 Bf5 34. Qb8+ Ke7 35. Qe5+ Qe6 36. Qxe6+ Kxe6 37. Bf1 Rxg1 38. Kxg1 Kf6 39. Kh2 Rg7 40. Rg2 Rxg2+ 41. Kxg2 Kg6 1/2-1/2

[Event "Muensterland Regionalliga 2526"]
[Site "Germany"]
[Date "2025.11.08"]
[Round "3"]
[Board "1"]
[White "Mueller, Achim"]
[Black "Kipp, Lucas"]
[Result "1/2-1/2"]
[WhiteElo "2010"]
[BlackElo "2013"]
[WhiteFideId "-1"]
[BlackFideId "-1"]
[PlyCount "102"]
[GameId "2095106920076468"]
[EventDate "2025.??.??"]
[EventType "team-tourn"]
[EventRounds "9"]
[EventCountry "GER"]
[SourceTitle "Verband Muensterland"]
[SourceDate "2025.09.21"]
[SourceVersion "1"]
[SourceVersionDate "2025.09.21"]
[SourceQuality "1"]
[WhiteTeam "Emsdetten Rochade"]
[BlackTeam "Saerbeck"]
[WhiteTeamCountry "GER"]
[BlackTeamCountry "GER"]

1. d4 d6 2. Nf3 Bg4 3. Nbd2 Nd7 4. g3 c6 5. Bg2 Ngf6 6. O-O e5 7. dxe5 dxe5 8. Nc4 Qc7 9. Nfxe5 Nxe5 10. Bf4 Nfd7 11. Qd4 Rd8 12. Bxe5 Nxe5 13. Qxe5+ Qxe5 14. Nxe5 Be6 15. Rad1 Be7 16. Rxd8+ Bxd8 17. Nd3 Be7 18. Nf4 Bd7 19. Rd1 h5 20. h4 g5 21. hxg5 Bxg5 22. Bh3 Bg4 23. Bxg4 hxg4 24. Rd3 Ke7 25. Rb3 b6 26. a4 Rd8 27. Re3+ Kf6 28. Rd3 Ke5 29. Rxd8 Bxd8 30. f3 gxf3 31. exf3 Kd4 32. Kf2 Bg5 33. Ne2+ Kc4 34. b3+ Kb4 35. f4 Bf6 36. Ke3 b5 37. Nd4 bxa4 38. bxa4 Bxd4+ 39. Kxd4 c5+ 40. Kd5 f5 41. c3+ Kxa4 42. Kc4 a5 43. g4 fxg4 44. f5 g3 45. f6 g2 46. f7 g1=Q 47. f8=Q Ka3 48. Qf4 Qg8+ 49. Kxc5 Kb3 50. Kb5 Qd5+ 51. Kb6 Kxc3 1/2-1/2